[Event "8. Kurz-Open Buchen im Odenwald 2019"]
[Site "Buchen im Odenwald"]
[Date "2019.??.??"]
[Round "1.1"]
[White "Steinbach, Peter"]
[Black "Eisenbeiser, Amadeus"]
[Result "1-0"]
[WhiteElo "1920"]
[BlackElo "2383"]
[PlyCount "62"]
[EventDate "2019.09.06"]

{[%evp 0,55,18,13,77,75,76,36,36,15,84,87,87,-7,-7,1,27,-2,14,-7,24,19,25,19,
16,12,17,-8,14,6,6,6,14,14,20,-19,-19,-19,-19,-35,-20,-55,-18,-18,6,8,8,18,18,
10,18,18,34,-51,-11,-52,-45,-110]} 1. e4 d6 2. d4 g6 3. c4 Bg7 4. Nf3 e5 5.
dxe5 dxe5 6. Nc3 Qxd1+ 7. Nxd1 f6 8. Bd3 Be6 9. Ne3 Nd7 10. O-O Nh6 11. b3 Nf7
12. Bb2 Bf8 13. Ne1 Bc5 14. N1c2 a5 15. a3 c6 16. b4 Be7 17. f3 O-O 18. Bc3
Rfd8 19. Rfd1 Nb6 20. Rab1 Rd7 21. Be2 Rad8 22. Rxd7 Rxd7 23. c5 Na4 24. Be1
axb4 25. axb4 b5 26. Na3 Ra7 27. Nec2 f5 28. g3 fxe4 29. h4 Bd5 30. Ne3 exf3
31. Bxb5 Be4 1-0

[Event "8. Kurz-Open Buchen im Odenwald 2019"]
[Site "Buchen im Odenwald"]
[Date "2019.??.??"]
[Round "1.2"]
[White "Becker, Matthias"]
[Black "Mueller, Michael"]
[Result "1-0"]
[WhiteElo "2308"]
[BlackElo "1893"]
[PlyCount "63"]
[EventDate "2019.09.06"]

{[%evp 0,63,22,22,22,22,22,9,27,11,-1,-4,3,7,19,28,22,-2,-2,12,19,0,9,15,21,19,
128,128,137,115,97,113,102,101,150,110,121,137,137,137,148,93,120,102,108,131,
105,150,140,109,144,110,91,70,43,52,57,71,139,93,108,109,102,85,72,68]} 1. e4
e5 2. Nf3 Nc6 3. Bc4 Bc5 4. c3 Nf6 5. d3 O-O 6. b4 Bb6 7. a4 a6 8. Bg5 h6 9.
Bh4 d6 10. Nbd2 Be6 11. O-O Re8 12. h3 Qd7 13. Bxf6 gxf6 14. Nh4 Kh7 15. Qf3
Rg8 16. Qxf6 Rg7 17. Kh2 Ne7 18. a5 Ba7 19. g4 c6 20. Nf5 Bxf5 21. exf5 d5 22.
Bb3 Re8 23. Rae1 Bb8 24. Kh1 Bc7 25. f4 exf4 26. Nf3 Ng8 27. Qd4 f6 28. c4 Rge7
29. cxd5 Rxe1 30. Rxe1 Rxe1+ 31. Nxe1 Be5 32. Qc4 1-0

[Event "8. Kurz-Open Buchen im Odenwald 2019"]
[Site "Buchen im Odenwald"]
[Date "2019.??.??"]
[Round "1.2"]
[White "Kamm, Guenter"]
[Black "Junesch, Gerhard"]
[Result "0-1"]
[WhiteElo "1869"]
[BlackElo "2303"]
[PlyCount "48"]
[EventDate "2019.09.06"]

{[%evp 0,46,37,37,77,80,77,38,38,36,84,87,84,-18,-10,-9,25,-2,16,11,26,25,29,
20,29,7,21,-13,37,24,9,14,14,6,21,6,-16,-12,-19,-19,-36,-49,-17,-9,13,14,7,0,0]
} 1. Nf3 Nf6 2. c4 c5 3. g3 b6 4. Bg2 Bb7 5. O-O e6 6. Nc3 Be7 7. d4 cxd4 8.
Nxd4 Bxg2 9. Kxg2 Qc7 10. Qd3 a6 11. Qf3 Nc6 12. Nxc6 Qxc6 13. Qxc6 dxc6 14.
Kf3 O-O-O 15. Be3 Nd7 16. b3 Ne5+ 17. Kg2 c5 18. Rad1 Nc6 19. Rxd8+ Rxd8 20.
Rd1 Nd4 21. h4 h6 22. h5 f5 23. Bc1 Bf6 24. Bd2 Nxb3 0-1

[Event "8. Kurz-Open Buchen im Odenwald 2019"]
[Site "Buchen im Odenwald"]
[Date "2019.??.??"]
[Round "1.4"]
[White "Zuferi, Enis"]
[Black "Stierle, Martin"]
[Result "1-0"]
[WhiteElo "2299"]
[BlackElo "1835"]
[PlyCount "99"]
[EventDate "2019.09.06"]

{[%evp 0,99,22,23,28,23,51,31,66,58,54,63,63,53,79,94,81,56,47,46,58,44,70,47,
45,45,52,41,29,0,55,44,77,-8,36,-1,62,30,26,-26,-26,-24,-19,-14,-37,-50,-27,
-43,-36,-25,-31,-34,-30,-17,-20,-20,-21,-22,-20,-17,21,-117,-4,-79,-44,-66,-41,
-69,-47,-100,-79,-85,0,-5,-24,-42,-12,0,0,-28,179,139,238,241,274,299,301,355,
524,105,109,101,106,102,229,237,229,229,351,482,843,615]} 1. d4 Nf6 2. Nf3 c5
3. d5 g6 4. Nc3 Bg7 5. e4 d6 6. Bb5+ Nfd7 7. a4 O-O 8. h3 Na6 9. O-O Nc7 10.
Be2 a6 11. Nd2 Rb8 12. Nc4 b6 13. Be3 Bb7 14. Na3 Ba8 15. Qd2 Re8 16. Rab1 Nf6
17. Bg5 Qd7 18. Rfd1 b5 19. axb5 axb5 20. b4 c4 21. Bf3 Rb6 22. Ra1 Ra6 23. Ra2
Bb7 24. Rda1 Rea8 25. Nab1 Rxa2 26. Rxa2 Rxa2 27. Nxa2 e6 28. Qd4 Nfe8 29. Qb6
Ba8 30. Qb8 f6 31. dxe6 Qxe6 32. Be3 Bxe4 33. Bxe4 Qxe4 34. Nbc3 Qc6 35. Ne2
Kf7 36. Nac3 f5 37. Qc8 Qa6 38. Qd7+ Kf8 39. Kh2 h6 40. Bd4 Bxd4 41. Nxd4 Qb6
42. Ncxb5 d5 43. c3 Qb8 44. Kg1 Nxb5 45. Nxb5 Qe5 46. Nd4 Ng7 47. b5 Qe1+ 48.
Kh2 Qxf2 49. Qd6+ Ke8 50. Qxg6+ 1-0

[Event "8. Kurz-Open Buchen im Odenwald 2019"]
[Site "Buchen im Odenwald"]
[Date "2019.??.??"]
[Round "1.5"]
[White "Simbikangwa, Philippe"]
[Black "Podat, Vladimir"]
[Result "0-1"]
[WhiteElo "1828"]
[BlackElo "2293"]
[PlyCount "42"]
[EventDate "2019.09.06"]

{[%evp 0,42,22,22,22,22,22,5,18,-26,-26,-26,-44,-35,-13,-26,-16,17,33,46,55,52,
-33,-26,-47,-45,-51,-36,-31,-27,-39,-108,-86,-143,-157,-220,-224,-244,-240,
-230,-233,-251,-266,-342,-343]} 1. e4 e5 2. Nf3 Nc6 3. Bc4 Bc5 4. b4 Bxb4 5. c3
Ba5 6. d4 d6 7. Qb3 Qd7 8. O-O Bb6 9. Bb5 a6 10. Ba4 Ba7 11. Bxc6 Qxc6 12. dxe5
Be6 13. Qc2 O-O-O 14. exd6 Qxd6 15. Nd4 Nf6 16. Ba3 Qf4 17. Re1 Ng4 18. g3
Qxf2+ 19. Qxf2 Nxf2 20. Kxf2 Rxd4 21. Kg2 Rd3 0-1

[Event "8. Kurz-Open Buchen im Odenwald 2019"]
[Site "Buchen im Odenwald"]
[Date "2019.??.??"]
[Round "1.6"]
[White "Pogan, Nikolas"]
[Black "Englert, Fred"]
[Result "1-0"]
[WhiteElo "2251"]
[BlackElo "1818"]
[PlyCount "123"]
[EventDate "2019.09.06"]

{[%evp 0,108,22,-11,39,-9,-11,4,25,-20,0,13,17,-36,-31,-70,-10,12,32,13,30,6,2,
2,13,-8,25,-26,13,-23,-20,-40,77,74,111,74,75,76,89,81,95,71,81,89,114,96,89,
92,98,102,113,116,109,118,128,105,111,85,137,121,108,109,109,111,109,114,155,
107,98,107,139,88,127,131,126,76,150,125,128,0,125,109,139,105,121,93,92,0,7,0,
203,199,199,215,215,202,239,220,311,302,302,324,335,349,350,350,404,425,431,
431,495]} 1. c4 c6 2. b3 Nf6 3. Bb2 g6 4. g3 Bg7 5. Bg2 O-O 6. e3 d5 7. Nf3
Nbd7 8. O-O b6 9. Nc3 Bb7 10. Qc2 e5 11. d3 Re8 12. Rfd1 Qc7 13. cxd5 cxd5 14.
d4 e4 15. Ne1 Bf8 16. Nxe4 Rac8 17. Nxf6+ Nxf6 18. Qxc7 Rxc7 19. Rac1 Rec8 20.
f3 Ba6 21. Rxc7 Rxc7 22. Rc1 Rxc1 23. Bxc1 Bb4 24. Nc2 Bc3 25. Bf1 Bb7 26. Kf2
a6 27. Ke2 Bc6 28. Kd1 b5 29. b4 Nd7 30. Ke2 Nb6 31. Kd3 Na4 32. e4 f6 33. Bf4
Kf7 34. Bh3 h5 35. Bc7 dxe4+ 36. fxe4 Bb7 37. a3 Ke7 38. Ne3 Bb2 39. Nc2 Bc3
40. Bf4 g5 41. Bc7 g4 42. Bf1 Bb2 43. h3 Kd7 44. Bf4 Nb6 45. hxg4 hxg4 46. Be2
Ke7 47. Bxg4 Nc4 48. Bf5 Bxa3 49. Nxa3 Nxa3 50. g4 Nc4 51. g5 fxg5 52. Bxg5+
Kd6 53. Bf4+ Ke7 54. d5 Nb6 55. Kd4 Nd7 56. Bg5+ Kd6 57. Bf4+ Ke7 58. e5 Nb6
59. d6+ Ke8 60. e6 Bc6 61. Kc5 Nd5 62. d7+ 1-0

[Event "8. Kurz-Open Buchen im Odenwald 2019"]
[Site "Buchen im Odenwald"]
[Date "2019.??.??"]
[Round "1.7"]
[White "Kail, Sindy"]
[Black "Guelsen, Taylan"]
[Result "0-1"]
[WhiteElo "1792"]
[BlackElo "2162"]
[PlyCount "104"]
[EventDate "2019.09.06"]

{[%evp 0,104,22,22,73,65,67,64,73,58,55,44,24,36,34,44,51,36,42,-21,-7,-9,-7,8,
8,3,-6,3,-21,-14,35,33,40,40,31,43,32,30,33,21,32,26,131,118,122,110,237,288,
305,156,232,285,308,19,24,31,44,0,-33,-68,-48,-48,-55,-77,-80,-108,-69,-77,-86,
-153,-95,-100,-113,-113,-55,-145,-129,-145,-146,-144,-104,-129,-148,-154,-147,
-162,-117,-123,-120,-118,-108,-108,-108,-115,-102,-144,-141,-137,-135,-156,
-148,-189,-182,-184,-195,-1144,-1015]} 1. e4 d6 2. d4 Nf6 3. Nc3 Nbd7 4. Bd3 e5
5. Nge2 Be7 6. O-O c6 7. h3 O-O 8. Be3 b5 9. Ng3 exd4 10. Bxd4 b4 11. Nce2 c5
12. Be3 Ne5 13. c4 bxc3 14. Nxc3 Nxd3 15. Qxd3 Rb8 16. b3 Re8 17. Rfd1 Qa5 18.
Qc2 Be6 19. Bf4 Rbd8 20. Rac1 c4 21. bxc4 Bxc4 22. Nf5 d5 23. Nxe7+ Rxe7 24.
exd5 Bxd5 25. Qf5 Red7 26. Rd3 Qa6 27. Nxd5 Nxd5 28. Re1 g6 29. Rg3 Nxf4 30.
Qxf4 Qxa2 31. Qf6 Rd6 32. Qe7 a5 33. Rf3 a4 34. Ree3 Qa1+ 35. Kh2 R6d7 36. Qh4
Qd4 37. Qg5 Qd6+ 38. Kg1 Ra8 39. Ra3 Qd5 40. Qg4 h5 41. Qh4 Qd4 42. Qg5 Qd1+
43. Kh2 Qd6+ 44. g3 Qe7 45. Qb5 Rd1 46. Rfe3 Qd7 47. Qe2 Qd5 48. Rf3 Rc8 49.
Rad3 Rcc1 50. Rxd1 Rxd1 51. Qe8+ Kg7 52. Kg2 Rd3 0-1

[Event "8. Kurz-Buchen im Odenwald 2019"]
[Site "Buchen im Odenwald"]
[Date "2019.??.??"]
[Round "1.8"]
[White "Jerie, Sven"]
[Black "Wolff, Sidney Robert"]
[Result "1-0"]
[WhiteElo "2061"]
[BlackElo "1722"]
[PlyCount "35"]
[EventDate "2019.09.06"]

{[%evp 0,35,23,22,56,48,86,87,80,33,51,31,48,38,53,29,42,37,39,37,85,52,180,
202,327,284,371,429,395,402,401,425,546,445,482,445,1326,1348]} 1. e4 c5 2. Nf3
d6 3. d4 cxd4 4. Nxd4 Nc6 5. Nc3 Nf6 6. Bg5 Bd7 7. Qd2 a6 8. O-O-O b5 9. f3 Ne5
10. Qe1 g6 11. f4 Nc4 12. e5 Nxb2 13. Kxb2 b4 14. Ne4 Nxe4 15. Qxe4 Rc8 16.
exd6 Qa5 17. Bxe7 Bg7 18. Bd8+ 1-0

[Event "8. Kurz-Buchen im Odenwald 2019"]
[Site "Buchen im Odenwald"]
[Date "2019.??.??"]
[Round "1.9"]
[White "Friesen, Arthur"]
[Black "Herbold, Manfred"]
[Result "0-1"]
[WhiteElo "1707"]
[BlackElo "2053"]
[PlyCount "68"]
[EventDate "2019.09.06"]

{[%evp 0,68,22,12,25,20,26,-3,38,16,55,48,33,18,29,24,48,48,34,34,49,54,45,46,
105,89,65,52,61,4,21,21,21,21,21,33,29,36,36,19,4,-80,-37,-75,-78,-131,-140,
-126,-186,-183,-205,-323,-297,-178,-20,-60,-60,-138,-138,-141,-202,-388,-349,
-687,-785,-876,-858,-900,-961,-29999,-30000]} 1. d4 e6 2. Nf3 Nf6 3. c4 Bb4+ 4.
Nbd2 a5 5. a3 Be7 6. e4 d6 7. Bd3 Nc6 8. b3 e5 9. Bb2 Bg4 10. d5 Nb8 11. c5
Nfd7 12. cxd6 cxd6 13. Rc1 Nc5 14. Bb1 Nba6 15. O-O O-O 16. h3 Bd7 17. Nc4 b5
18. Ne3 g6 19. g4 Bg5 20. Nd2 Bf4 21. Rc3 b4 22. axb4 axb4 23. Rc1 h5 24. Ndc4
Qh4 25. Kg2 hxg4 26. hxg4 Qg5 27. Bc2 Nc7 28. Ra1 Rxa1 29. Bxa1 Nb5 30. Qe2 Nd4
31. Qd1 Nxc2 32. Qxc2 Bxg4 33. f3 Bh3+ 34. Kxh3 Qg3# 0-1

[Event "8. Kurz-Buchen im Odenwald 2019"]
[Site "Buchen im Odenwald"]
[Date "2019.??.??"]
[Round "1.10"]
[White "Huth, Arno"]
[Black "Ensslinger, Colin"]
[Result "0-1"]
[WhiteElo "2048"]
[BlackElo "1666"]
[PlyCount "86"]
[EventDate "2019.09.06"]

{[%evp 0,86,22,-11,-11,-11,40,29,35,32,37,55,55,47,47,48,88,44,40,18,16,-12,11,
-27,-28,-25,-13,-22,4,-28,-7,-5,0,-17,-9,7,16,-87,-15,-15,100,-61,-10,-1,-9,
-12,-2,-29,-29,-50,-87,-122,-3,0,0,0,18,-1,-6,-6,20,20,20,42,18,32,36,16,52,39,
42,18,143,41,60,41,57,0,0,19,23,29,26,26,7,-27,-24,-421,-442]} 1. c4 Nf6 2. Nc3
g6 3. e4 d6 4. d4 Bg7 5. Be2 O-O 6. Nf3 Re8 7. O-O Nbd7 8. Rb1 e5 9. d5 Nc5 10.
Nd2 Bh6 11. Nb3 Bxc1 12. Nxc5 Bh6 13. Nd3 Nd7 14. b4 a6 15. c5 Qg5 16. Rb3 f5
17. exf5 e4 18. f4 Qxf5 19. Bg4 Qf6 20. Be6+ Rxe6 21. dxe6 Qxe6 22. Nc1 dxc5
23. bxc5 Nxc5 24. Qd8+ Bf8 25. Rb2 Qd7 26. Rd2 Qxd8 27. Rxd8 b6 28. Nd5 Bb7 29.
Rxa8 Bxa8 30. Nxc7 Bc6 31. Rd1 Kf7 32. Kf2 a5 33. g4 Ne6 34. Nxe6 Kxe6 35. Nb3
Bb7 36. Ke3 Be7 37. Nd4+ Kf7 38. Rc1 Bc5 39. Rxc5 bxc5 40. Nb3 Bd5 41. Nxa5
Bxa2 42. Kxe4 Ke6 43. Nb7 Bd5+ 0-1

[Event "8. Kurz-Buchen im Odenwald 2019"]
[Site "Buchen im Odenwald"]
[Date "2019.??.??"]
[Round "1.11"]
[White "Suliga, Eckhard"]
[Black "Schallner, Marc"]
[Result "0-1"]
[WhiteElo "1662"]
[BlackElo "2041"]
[PlyCount "52"]
[EventDate "2019.09.06"]

{[%evp 0,52,20,13,29,37,84,66,63,55,55,48,36,32,47,-1,17,17,17,16,24,24,50,-10,
-12,-25,-32,-33,-23,-46,0,0,0,-11,-14,-20,0,-202,-219,-219,-160,-193,-215,-233,
-244,-224,-227,-236,-243,-265,-258,-268,-276,-289,-293]} 1. e4 e6 2. d4 b6 3.
Nf3 Bb7 4. Nc3 Bb4 5. Bd3 Nf6 6. Qe2 d5 7. Bg5 h6 8. Bxf6 Qxf6 9. O-O Bxc3 10.
bxc3 O-O 11. e5 Qe7 12. a4 c5 13. Qe3 Nc6 14. Rfb1 cxd4 15. cxd4 Rfc8 16. Rb2
Na5 17. Rab1 Bc6 18. Bb5 Bxb5 19. Rxb5 Rxc2 20. R5b4 Rac8 21. h3 R8c3 22. Qe1
Qxb4 23. Rxb4 Rc1 24. Rb1 Rxe1+ 25. Rxe1 Ra3 26. Rc1 Nc4 0-1

[Event "8. Kurz-Buchen im Odenwald 2019"]
[Site "Buchen im Odenwald"]
[Date "2019.??.??"]
[Round "1.12"]
[White "Hefner, Felix"]
[Black "Trunk, Mika"]
[Result "1-0"]
[WhiteElo "2036"]
[BlackElo "1615"]
[PlyCount "61"]
[EventDate "2019.09.06"]

{[%evp 0,61,23,23,23,-14,-7,-11,6,-18,-14,17,15,2,0,-5,4,0,8,7,7,-8,-8,9,0,4,
-2,-25,-44,-31,-35,-35,-32,-64,10,-11,6,6,95,93,124,123,138,132,132,180,180,
180,178,175,175,149,127,125,300,341,342,338,428,512,905,508,525,550]} 1. d4 d5
2. c4 e6 3. Nf3 Nf6 4. g3 Be7 5. Bg2 O-O 6. O-O Nbd7 7. b3 b6 8. Bb2 Bb7 9.
Nbd2 c5 10. e3 Rc8 11. Rc1 cxd4 12. Nxd4 Nc5 13. Ba3 Nd3 14. Bxe7 Qxe7 15. Rc3
Ne5 16. Qc2 Ba6 17. f4 Ned7 18. Rc1 Nc5 19. b4 Nce4 20. Nxe4 Nxe4 21. Bxe4 dxe4
22. Qa4 Bb7 23. Qxa7 Ra8 24. Qxb6 Ra6 25. Qb5 Rxa2 26. c5 Qc7 27. c6 Ba6 28.
Qc5 Rd8 29. b5 Bxb5 30. Qxb5 Rb8 31. Qe5 1-0

[Event "8. Kurz-Buchen im Odenwald 2019"]
[Site "Buchen im Odenwald"]
[Date "2019.??.??"]
[Round "1.13"]
[White "Marocsik, Ferenc"]
[Black "Wambach, Juergen"]
[Result "0-1"]
[WhiteElo "1606"]
[BlackElo "1992"]
[PlyCount "62"]
[EventDate "2019.09.06"]

{[%evp 0,62,23,22,67,67,64,1,2,1,-15,-21,-13,-26,15,-15,-9,-14,9,-5,32,31,37,
-6,43,7,37,-20,-17,-11,2,-9,0,-62,-62,-51,-76,-83,-73,-73,-86,-81,-99,-118,-71,
-175,-113,-118,-259,-263,-253,-248,-57,-398,-506,-506,-483,-770,-671,-29995,
-29996,-29997,-29998,-29999,-30000]} 1. e4 d6 2. Nf3 Nf6 3. c3 Nbd7 4. d3 e5 5.
Nbd2 Be7 6. Be2 c6 7. c4 h6 8. b3 a5 9. Bb2 Qc7 10. h3 Nc5 11. O-O Ne6 12. Re1
Nf4 13. Bf1 c5 14. Nb1 g5 15. Nh2 h5 16. f3 g4 17. fxg4 hxg4 18. Nxg4 Nxg4 19.
hxg4 Bh4 20. Re3 Bg5 21. Rg3 Qe7 22. Bc1 Bh4 23. Re3 Qg5 24. g3 Bxg4 25. Qe1
Kd7 26. gxh4 Rxh4 27. Rg3 Qh5 28. Bxf4 exf4 29. Rg2 Rh1+ 30. Kf2 Qh4+ 31. Rg3
Qxg3# 0-1

[Event "8. Kurz-Buchen im Odenwald 2019"]
[Site "Buchen im Odenwald"]
[Date "2019.??.??"]
[Round "1.14"]
[White "Lenhardt, Manfred"]
[Black "Kail, Thomas"]
[Result "1-0"]
[WhiteElo "1978"]
[BlackElo "1528"]
[PlyCount "79"]
[EventDate "2019.09.06"]

{[%evp 0,79,22,23,23,23,46,24,21,7,57,40,48,4,61,53,56,32,44,14,14,0,23,20,36,
30,36,30,55,40,65,43,48,49,64,58,60,63,66,76,74,74,74,74,74,65,71,64,116,68,76,
76,75,44,110,110,179,161,205,191,175,213,308,259,439,446,447,435,442,428,448,
449,519,560,668,624,620,642,679,877,1071,1284]} 1. d4 d5 2. Nf3 g6 3. g3 Bg7 4.
Bg2 e6 5. O-O Ne7 6. c4 c6 7. Na3 b6 8. Qc2 O-O 9. e4 Nd7 10. Re1 Ba6 11. Bf4
Re8 12. exd5 cxd5 13. Qa4 Qc8 14. b3 Qb7 15. Nb5 Bxb5 16. Qxb5 a6 17. Qb4 a5
18. Qd2 Rac8 19. Rac1 Qa6 20. Bf1 Qb7 21. Bg2 Qa6 22. Qd3 h6 23. h4 Kh7 24. g4
Kg8 25. Bf1 Qb7 26. Qe3 Kh7 27. Bd3 Qa8 28. h5 Qb7 29. Bd6 dxc4 30. bxc4 Nf6
31. Ne5 Rf8 32. Bxe7 Qxe7 33. hxg6+ Kg8 34. gxf7+ Rxf7 35. Nxf7 Kxf7 36. d5
Nxg4 37. Qf4+ Nf6 38. Rxe6 Qc5 39. Rce1 Rg8 40. Rc6 1-0

[Event "8. Kurz-Buchen im Odenwald 2019"]
[Site "Buchen im Odenwald"]
[Date "2019.??.??"]
[Round "1.19"]
[White "Kolb, Klaus"]
[Black "Eisenbeiser, Karlheinz"]
[Result "0-1"]
[WhiteElo "1308"]
[BlackElo "1931"]
[PlyCount "81"]
[EventDate "2019.09.06"]

{[%evp 0,81,22,22,67,16,28,-17,40,36,62,-17,1,13,27,22,20,10,17,-28,18,-8,6,-3,
6,8,29,2,-9,-40,-21,-45,-17,-57,-42,-63,-27,-36,1,-38,-19,-19,-2,-17,-24,-56,
-56,-56,-30,-68,-42,-62,-39,-43,-29,-36,-39,-49,-32,-33,-18,-18,-21,-24,-10,
-26,0,0,21,-30,33,-29,-20,-20,-20,-20,-17,-17,20,-17,-2,-16,30,28]} 1. e4 d6 2.
Bc4 e6 3. a3 g6 4. d3 Bg7 5. c3 Ne7 6. Nf3 h6 7. O-O O-O 8. h3 a6 9. Nh2 Kh7
10. Nd2 d5 11. Ba2 Nd7 12. Re1 c5 13. Qc2 b5 14. Ndf3 Bb7 15. Nf1 d4 16. c4 Rc8
17. Bf4 e5 18. Bg3 g5 19. Bh2 Qb6 20. Ng3 Qg6 21. Rac1 f5 22. Qe2 f4 23. Nf1
Nb6 24. Kh1 bxc4 25. Bxc4 Nxc4 26. Rxc4 a5 27. N1d2 Ba6 28. Rc2 Qb6 29. Nc4
Bxc4 30. Rxc4 Rc6 31. Rec1 Rfc8 32. R4c2 R8c7 33. Nd2 Nc8 34. Nc4 Qa7 35. a4
Nb6 36. Na3 Rc8 37. b3 Qf7 38. Rb1 Bf8 39. Nb5 Qd7 40. f3 c4 41. bxc4 0-1

[Event "8. Kurz-Buchen im Odenwald 2019"]
[Site "Buchen im Odenwald"]
[Date "2019.??.??"]
[Round "1.20"]
[White "Baum, Michael"]
[Black "Wolff, Calvin"]
[Result "1-0"]
[WhiteElo "1930"]
[BlackElo "1136"]
[PlyCount "111"]
[EventDate "2019.09.06"]

{[%evp 0,111,20,-26,-5,-23,-11,-8,-15,-29,-6,-1,-4,9,8,-1,6,-1,-1,-1,50,50,29,
11,60,6,23,42,44,38,54,58,80,43,156,39,54,32,52,46,71,68,92,95,88,83,83,100,
182,87,76,98,74,84,95,95,108,62,79,85,198,84,124,136,231,288,309,343,345,202,
216,217,211,208,289,297,417,474,544,551,551,275,305,309,329,333,337,339,407,
344,407,424,1012,1016,1016,1065,1065,1096,1189,1241,1241,1312,1529,29974,29977,
29978,29987,29988,29989,29990,29995,29984,29985,29990]} 1. b3 d5 2. Bb2 e6 3.
Nf3 Nf6 4. g3 Be7 5. Bg2 b6 6. O-O O-O 7. c4 Bb7 8. e3 c5 9. cxd5 Bxd5 10. Nc3
Bb7 11. d4 cxd4 12. Qxd4 Qxd4 13. Nxd4 Bxg2 14. Kxg2 Rd8 15. Rfd1 a5 16. Ncb5
Bc5 17. a3 Na6 18. Nc6 Rxd1 19. Rxd1 Nd5 20. e4 Ndc7 21. Nxc7 Nxc7 22. Rd7 Nb5
23. a4 Na3 24. Ne5 f6 25. Nc6 e5 26. f4 exf4 27. gxf4 Nc2 28. e5 Ne3+ 29. Kf3
Rf8 30. exf6 gxf6 31. Nd8 Nc2 32. Ne6 Rf7 33. Rd8+ Bf8 34. Rxf8+ Rxf8 35. Nxf8
Kxf8 36. Bxf6 Ke8 37. Bc3 Kd7 38. Ke4 Ke6 39. f5+ Kf7 40. Kd5 Ne3+ 41. Kc6 h5
42. Bd4 Nxf5 43. Bxb6 Kg6 44. Kb5 Kg5 45. Kxa5 Kg4 46. Kb5 h4 47. a5 Kh3 48.
Bc7 Ne7 49. a6 Nd5 50. Be5 Nc3+ 51. Bxc3 Kxh2 52. a7 h3 53. Be5+ Kg1 54. a8=Q
h2 55. Bxh2+ Kxh2 56. Qg8 1-0

[Event "Buchen im Odenwald"]
[Site "Buchen im Odenwald"]
[Date "2019.09.07"]
[Round "2.1"]
[White "Eisenbeiser, Amadeus"]
[Black "Hefner, Felix"]
[Result "1-0"]
[WhiteElo "2383"]
[BlackElo "2036"]
[PlyCount "59"]
[EventDate "2019.09.06"]

{[%evp 0,59,14,32,44,44,85,64,64,28,24,-3,-6,9,9,3,-2,-23,-11,-46,-29,-22,2,-7,
6,0,8,3,12,-8,-5,-2,8,-13,-14,-18,0,0,23,25,61,20,155,72,240,324,483,483,506,
457,652,807,1431,1431,1431,1431,1659,1431,1859,1732,29989,888]} 1. e4 c5 2. Nf3
d6 3. Bc4 Nf6 4. Qe2 Nc6 5. c3 Bg4 6. d3 e6 7. Bb3 Be7 8. Nbd2 Bh5 9. Nf1 O-O
10. Ng3 Bg6 11. O-O d5 12. Nh4 a5 13. Nxg6 hxg6 14. a4 Qb6 15. Ba2 Rad8 16. e5
Nd7 17. f4 g5 18. Rf2 gxf4 19. Bxf4 Qc7 20. Re1 Rb8 21. Nh5 Bh4 22. g3 Be7 23.
Nf6+ Nxf6 24. exf6 Bd6 25. fxg7 Kxg7 26. Qg4+ Kh7 27. Qh5+ Kg8 28. Qg5+ Kh7 29.
Bxd6 Qxd6 30. Rf4 1-0

[Event "Buchen im Odenwald"]
[Site "Buchen im Odenwald"]
[Date "2019.09.07"]
[Round "2.2"]
[White "Wambach, Juergen"]
[Black "Becker, Matthias"]
[Result "0-1"]
[WhiteElo "1992"]
[BlackElo "2308"]
[PlyCount "132"]
[EventDate "2019.09.06"]

{[%evp 0,83,10,-16,23,13,7,-15,27,11,11,23,43,38,39,25,27,26,19,-1,26,17,74,71,
91,72,72,54,64,50,87,41,54,17,37,33,47,-38,-31,-17,30,18,18,22,33,17,0,-8,2,
-14,-31,-104,-73,-72,-86,-72,-94,-90,-87,-104,-99,-100,-98,-85,-84,-69,-38,-73,
-56,-35,-71,-62,-29,-30,30,44,78,19,27,44,44,78,78,-32,36,-25]} 1. c4 b6 2. Nc3
Bb7 3. e4 e6 4. Nge2 d6 5. g3 h5 6. d3 h4 7. g4 Nd7 8. h3 g5 9. Bg2 Bg7 10. O-O
Qe7 11. Be3 Nh6 12. Qd2 f6 13. d4 Nf7 14. Nb5 Nf8 15. a4 a6 16. Na3 Ng6 17. a5
bxa5 18. c5 dxc5 19. Nc4 cxd4 20. Nxd4 Nfe5 21. Nxa5 Bc8 22. Rfd1 O-O 23. Qc2
Bd7 24. Rac1 Rfc8 25. Ndb3 Qe8 26. Nc5 Bb5 27. Qb3 Kf7 28. Rc3 Bf8 29. Qa2 Nf4
30. Bxf4 gxf4 31. Nab3 f3 32. Bf1 Bxf1 33. Rxf1 Rd8 34. Nb7 Rd7 35. N3c5 Bxc5
36. Nxc5 Re7 37. Nd3 Ng6 38. e5 fxe5 39. Re1 Qb5 40. Nc5 Nf4 41. Kh2 Rd8 42.
Qb1 Ng6 43. Rxf3+ Kg7 44. Qc1 Rd4 45. Rxe5 Nxe5 46. Qg5+ Ng6 47. Qf6+ Kh7 48.
Qxd4 e5 49. Qe3 Qc6 50. Ne4 Kg7 51. Nf6 Rf7 52. Nh5+ Kg8 53. Rxf7 Kxf7 54. Qh6
Qc2 55. Qh7+ Ke6 56. Qg8+ Kd6 57. Qd8+ Kc6 58. Qf6+ Kb7 59. Kg2 a5 60. Qf3+ Kb6
61. Qe3+ Kb7 62. Qf3+ Kb6 63. Qe3+ c5 64. Nf6 Nf4+ 65. Kh2 Qd3 66. Qxd3 Nxd3 {
noch einige Züge.} 0-1

[Event "8. Kurz-Open Buchen im Odenwald 2019"]
[Site "Buchen im Odenwald"]
[Date "2019.09.07"]
[Round "2.3"]
[White "Junesch, Gerhard"]
[Black "Lenhardt, Manfred"]
[Result "1/2-1/2"]
[WhiteElo "2303"]
[BlackElo "1978"]
[PlyCount "101"]
[EventDate "2019.09.06"]

1. Nf3 Nf6 2. c4 e6 3. Nc3 d5 4. d4 Be7 5. Bf4 O-O 6. e3 b6 7. Bd3 dxc4 8. Bxc4
Ba6 9. Qe2 Qc8 10. O-O c5 11. Rac1 Bxc4 12. Qxc4 Nbd7 13. Nb5 a6 14. Nd6 Qc6
15. dxc5 Nxc5 16. b4 Bxd6 17. Nd4 Qd7 18. Bxd6 Qxd6 19. bxc5 bxc5 20. Qxc5 Qxc5
21. Rxc5 Rfc8 22. Nc6 Kf8 23. Rfc1 Nd5 24. e4 Ne7 25. Ne5 Rxc5 26. Rxc5 Rc8 27.
Kf1 Rxc5 28. Nd7+ Ke8 29. Nxc5 a5 30. Ke2 Nc6 31. a4 Kd8 32. Kd3 Kc7 33. Kc4
Kb6 34. f4 Nd8 35. g4 f6 36. f5 exf5 37. gxf5 Kc6 38. h4 Nf7 39. Kd4 Ne5 40.
Nb3 Nf3+ 41. Ke3 Nxh4 42. Nxa5+ Kb6 43. Nb3 Ng2+ 44. Kd4 g6 45. fxg6 hxg6 46.
Kd5 Nf4+ 47. Kd6 Ne2 48. Ke6 Nc3 49. a5+ Kb5 50. Kxf6 Nxe4+ 51. Kxg6 1/2-1/2


[Site "Buchen im Odenwald"]
[Date "2019.09.07"]
[Round "2.4"]
[White "Wenninger, Patrick"]
[Black "Zuferi, Enis"]
[Result "0-1"]
[WhiteElo "1954"]
[BlackElo "2299"]
[PlyCount "78"]
[EventDate "2019.09.06"]

1. Nf3 Nf6 2. g3 b5 3. Bg2 Bb7 4. O-O e6 5. a4 b4 6. c4 c5 7. d4 cxd4 8. Nxd4
Bxg2 9. Kxg2 Be7 10. a5 O-O 11. Nd2 d5 12. Kg1 dxc4 13. Nxc4 Qd5 14. b3 Na6 15.
Bb2 Rfd8 16. Qc2 Rac8 17. Rfd1 Qb7 18. Nf3 Nc5 19. Nfe5 Rd5 20. Rac1 Ncd7 21.
Qb1 Nxe5 22. Nxe5 Rxa5 23. Nc4 Rd5 24. Bxf6 Bxf6 25. Rxd5 Qxd5 26. Rd1 Qc6 27.
Qa2 Ra8 28. Rd6 Qe4 29. e3 h5 30. h4 a5 31. Qa4 Qf3 32. Rd7 Bc3 33. Qa2 a4 34.
bxa4 Qc6 35. Rd6 Rxa4 36. Rxc6 Rxa2 37. Rb6 Be1 38. Ne5 Bxf2+ 39. Kf1 Bxg3 0-1